000 00329nam a2200145Ia 4500
005 20251222141943.0
008 251222s9999||||xx |||||||||||||| ||spa||
020 _a88-7573-357-0
082 _a458.33/B18
100 _aBallarin, Elena
245 0 _aDestinazione Italia:
250 _a2a.ed.
264 _bBonacci
942 _cLIB
999 _c9439
_d9439